Cenné papíry a účasti v rozpočtových a příspěvkových organizacích.
Rôzne hľadiská posudzovania cenných papierov, úrok, dividenda a obligácie. Cenné papiere v rozpočtových a v príspevkových organizáciách a niekoľko príkladov ich účtovania. Problematika účasti rozpočtových a príspevkových organizácií na finančnom trhu.
Gespeichert in:
| 1. Verfasser: | |
|---|---|
| Format: | Buchkapitel |
| Sprache: | Tschechisch |
| Schlagworte: | |
| Tags: |
Keine Tags, Fügen Sie das erste Tag hinzu!
|
MARC
| LEADER | 00000naa a2200000 4500 | ||
|---|---|---|---|
| 001 | r007689 | ||
| 005 | 20220831085358.2 | ||
| 041 | 0 | |a cze | |
| 044 | |a [CS] | ||
| 245 | 1 | 0 | |a Cenné papíry a účasti v rozpočtových a příspěvkových organizacích. |c J. Eminger |
| 520 | |a Rôzne hľadiská posudzovania cenných papierov, úrok, dividenda a obligácie. Cenné papiere v rozpočtových a v príspevkových organizáciách a niekoľko príkladov ich účtovania. Problematika účasti rozpočtových a príspevkových organizácií na finančnom trhu. | ||
| 610 | 2 | 0 | |a papiere cenné |
| 610 | 2 | 0 | |a úrok |
| 610 | 2 | 0 | |a dividendy |
| 610 | 2 | 0 | |a organizácie rozpočtové |
| 610 | 2 | 0 | |a organizácie príspevkové |
| 610 | 2 | 0 | |a účtovníctvo vnútropodnikové |
| 610 | 2 | 0 | |a trh finančný |
| 610 | 2 | 0 | |a obligácie |
| 100 | 1 | |a Eminger, J. | |